| 000 | 00731nam a2200229 a 4500 | ||
|---|---|---|---|
| 999 |
_c7281 _d7281 |
||
| 001 | 7281 | ||
| 003 | BD-JhCC | ||
| 005 | 20180207125329.0 | ||
| 008 | 180128s1995 bg |||| ||a| 000 0 ben d | ||
| 020 | _a9845600131 | ||
| 035 | _a(BD-JhCC)7281 | ||
| 040 |
_aBD-JhCC _dBD-JhCC |
||
| 041 | _aben | ||
| 082 |
_a330.9 _bMUH 1995 |
||
| 100 | _aমুহাম্মদ, আনু | ||
| 245 |
_aবাংলাদেশের উন্নয়ন কি অসম্ভব ? / _cআনু মুহাম্মদ |
||
| 260 |
_aঢাকা : _bজাতীয় গ্রন্থ প্রকাশন, _c1995. |
||
| 300 |
_a120 p. : _c22 cm. |
||
| 650 | _aEconomic Development | ||
| 942 |
_2ddc _cBK |
||